| 000 | 00754nam a2200241 i 4500 | ||
|---|---|---|---|
| 001 | 61255 | ||
| 003 | ES-MaACL | ||
| 005 | 20230906164419.0 | ||
| 007 | t| | ||
| 008 | 031111s1972 sp ||||1| spa d | ||
| 100 | 1 |
_aEvans, Peter. _948364 |
|
| 245 | 1 | 0 |
_aPeter Sellers _b: la máscara tras la máscara / _cPeter Evans ; [traducido por Amparo García Burgos]. |
| 250 | _a1ª ed. | ||
| 260 |
_aBarcelona : _bGrijalbo, _c1972. |
||
| 300 |
_a265 p., 4 lám. ; _c20 cm. |
||
| 490 | 1 |
_aFiguras del cine ; _v3 |
|
| 504 | _aFilmografía: p. 263-265. | ||
| 600 | 1 | 4 |
_aSellers, Peter ( _d1925-1980) _9171044 |
| 700 | 1 |
_aGarcía Burgos, Amparo. _954298 |
|
| 830 | 1 |
_aFiguras del cine ; _v3 _9183501 |
|
| 852 |
_aES-MaACL _jC-42818 |
||
| 999 |
_c61255 _d61255 |
||